The perfumed palace : (Record no. 140758)

MARC details
000 -LEADER
fixed length control field 00995cam a2200265 a 4500
001 - CONTROL NUMBER
control field vtls003223131
003 - CONTROL NUMBER IDENTIFIER
control field MY-SjTCS
005 - DATE AND TIME OF LATEST TRANSACTION
control field 20200226114941.0
008 - FIXED-LENGTH DATA ELEMENTS--GENERAL INFORMATION
fixed length control field 110824s2010 enkab b 001 0 eng d
020 ## - INTERNATIONAL STANDARD BOOK NUMBER
International Standard Book Number 9781859642276 (hbk.)
020 ## - INTERNATIONAL STANDARD BOOK NUMBER
International Standard Book Number 1859642276 (hbk.)
039 #9 - LEVEL OF BIBLIOGRAPHIC CONTROL AND CODING DETAIL [OBSOLETE]
Level of rules in bibliographic description 201801021029
Level of effort used to assign nonsubject heading access points VLOAD
Level of effort used to assign subject headings 201204161422
Level of effort used to assign classification pushpa
Level of effort used to assign subject headings 201112031110
Level of effort used to assign classification shuhada
Level of effort used to assign subject headings 201112031032
Level of effort used to assign classification shuhada
-- 201108241553
-- malathy
043 ## - GEOGRAPHIC AREA CODE
Geographic area code a-cc---
-- a-cc-pe
082 04 - DEWEY DECIMAL CLASSIFICATION NUMBER
Classification number 951.00882971
Item number ALD 2010
100 1# - MAIN ENTRY--PERSONAL NAME
Personal name Aldrich, M. A
9 (RLIN) 55706
245 14 - TITLE STATEMENT
Title The perfumed palace :
Remainder of title Islam's journey from Mecca to Peking /
Statement of responsibility, etc. M.A. Aldrich and Lukas Nikol.
260 ## - PUBLICATION, DISTRIBUTION, ETC.
Place of publication, distribution, etc. Berkshire :
Name of publisher, distributor, etc. Garnet Publishing,
Date of publication, distribution, etc. 2010.
300 ## - PHYSICAL DESCRIPTION
Extent 304 p. :
Other physical details ill., maps ;
Dimensions 21 cm.
504 ## - BIBLIOGRAPHY, ETC. NOTE
Bibliography, etc. note Includes bibliographical references (p. 270-277) and index.
650 #0 - SUBJECT ADDED ENTRY--TOPICAL TERM
Topical term or geographic name entry element Muslims
Geographic subdivision China
-- Beijing
General subdivision History.
650 #0 - SUBJECT ADDED ENTRY--TOPICAL TERM
Topical term or geographic name entry element Minorities
Geographic subdivision China
General subdivision History.
9 (RLIN) 58109
650 #0 - SUBJECT ADDED ENTRY--TOPICAL TERM
Topical term or geographic name entry element Islam
Geographic subdivision China
General subdivision History.
9 (RLIN) 58110
700 1# - ADDED ENTRY--PERSONAL NAME
Personal name Nikol, Lukas.
9 (RLIN) 58111
920 ## - Programme
Programme GENSH : 171826
Holdings
Withdrawn status Lost status Source of classification or shelving scheme Damaged status Not for loan Collection code Home library Current library Date acquired Cost, normal purchase price Total Checkouts Barcode Date last seen Date last checked out Copy number Cost, replacement price Koha item type Public note
Withdrawn   Dewey Decimal Classification     Please fill up online form at https://taylorslibrary.taylors.edu.my/services/external_storage1 TC External Storage TC External Storage 14/10/2011 154.50 2 5000123496 05/12/2019 17/02/2012 1 154.50 Main Collection GENSH,GENSH,03,GR